|
|
|
|
| LEADER |
02224nam a2200313 u 4500 |
| 001 |
10074357 |
| 003 |
upatras |
| 005 |
20230617063150.0 |
| 008 |
090519s2006 gr gre |
| 040 |
|
|
|a GR-PaULI
|c GR-PaULI
|
| 041 |
0 |
|
|a gre
|
| 082 |
0 |
4 |
|a 617.15
|
| 100 |
1 |
|
|a Καμαριανάκης, Ζαχαρίας
|9 73998
|
| 245 |
1 |
0 |
|a Προσομοίωση ρομποτικής διαδικασίας για την τοποθέτηση ενδομυελικού ήλου
|c Ζαχαρίας Καμαριανάκης; Εθνικό Μετσόβιο Πολυτεχνείο, Τμήμα Ηλεκτρολόγων Μηχανικών και Μηχανικών Υπολογιστών
|c ; Εθνικό Μετσόβιο Πολυτεχνείο, Τμήμα Μηχανολόγων Μηχανικών
|c ; Πανεπιστήμιο Πατρών, Σχολή Επιστημών Υγείας, Τμήμα Ιατρικής Φυσικής
|
| 260 |
|
|
|a Αθήνα
|b [χ.ό.]
|c 2006
|
| 300 |
|
|
|a 152 σ.
|b έγχ. εικ.
|c 30 εκ.
|
| 504 |
|
|
|a Περιλαμβάνει βιβλιογραφία
|
| 650 |
|
4 |
|a Μηριαίον οστούν
|x Χειρουργική
|9 73999
|
| 650 |
|
4 |
|a Κατάγματα
|x Χειρουργική
|9 56277
|
| 650 |
|
4 |
|a Ρομποτική στην ιατρική
|9 74000
|
| 710 |
2 |
|
|a Εθνικό Μετσόβιο Πολυτεχνείο
|e Σχολή Ηλεκτρολόγων Μηχανικών και Μηχανικών Υπολογιστών
|9 3159
|
| 710 |
2 |
|
|a Εθνικό Μετσόβιο Πολυτεχνείο
|e Σχολή Μηχανολόγων Μηχανικών
|9 3159
|
| 710 |
2 |
|
|9 2771
|a Πανεπιστήμιο Πατρών
|b Σχολή Επιστημών Υγείας
|b Τμήμα Ιατρικής
|e Σχολή Επιστημών Υγείας
|e Τμήμα Ιατρικής
|
| 852 |
|
|
|a GR-PaULI
|b ΠΑΤΡΑ
|b ΒΚΠ
|b ΑΝΕ
|k ΔΙΠΛΩΜΑΤΙΚΗ
|h 617.15 ΚΑΜ
|m 089280
|p 025000163265
|t 1
|
| 856 |
|
|
|u http://nemertes.lis.upatras.gr/jspui/handle/10889/452
|
| 942 |
|
|
|2 ddc
|c BKTD
|
| 952 |
|
|
|0 0
|1 0
|4 0
|6 617_150000000000000_ΚΑΜ
|7 0
|9 75832
|a LISP
|b LISP
|c RES
|d 2016-04-24
|i 089280
|l 0
|o 617.15 ΚΑΜ
|p 025000163265
|r 2016-04-24 00:00:00
|t 1
|w 2016-04-24
|y BKTD
|
| 998 |
|
|
|c ΓΚΟΓΚΟΥ
|d 2009-04
|
| 999 |
|
|
|c 50602
|d 50602
|